000 01512nam0a22002651 4500
001 rc\4837794
005 20260406130322.0
021 _aRU
_bРг4417-60
035 _a(NLR Aleph) 008808473
090 _a8146521
_c8146521
100 _a20130426d1960 |||y0rusy50 ca
101 0 _arus
102 _aRU
105 _ay z |||||
200 1 _aТезисы доклада и проект Положения об организации технического контроля качества продукции на металлургических заводах
_fГос. план. комис. Совета Министров УССР. Днепропетровск. обл. правл. Науч-техн. о-ва черной металлургии. Всесоюзн. науч.-исслед. ин-т организации производства и труда черной металлургии "ВНИИОЧЕРМет"
210 _aДнепропетровск
_cБ. и.
_d1960
215 _a22 с., включ. обл.
_d20
300 _aВ конце тезисов доклада авт.: Г. Пейчев
701 1 _aПейчев
_bГ.
712 0 2 _aВсесоюзный научно-исследовательский институт организации производства и труда черной металлургии
_cХарьков
_9312911
_3RU\NLR\AUTH\8819779
801 0 _aRU
_bNLR
_gpsbo
801 1 _aRU
_bELAR
_2rusmarc
852 _aNLR
_j60-4/6168
942 _cBOOK
980 _aNB